000 00470nam a2200181Ia 4500
005 20250508163711.0
008 008 250505s9999 xx 000 0 hin d
037 _aTextual
040 _aFEDL
_beng
_cFEDL
041 _ahin
_2eng
084 _a491.43, GUP
_qFEDL
100 _aGupta Gargi
_9501755
245 0 _aParibhasik shabdawali ki vikas yatra
260 _c1992
300 _a172p.
942 _cTEXL
_h491.43, GUP
999 _c1384784
_d1384784